1880 1078 1951 1708 1320 1778 1191 1677 1056 1610 1706 1815 1594 1428 1451 1497 1917 1668 1882 1887 1775 1033 1928 1428 1008 1159 1157 1721 1891 1906 1807 1672 1979 1591 1717 1062 1141 1457 1805 1052 1924 1527 1186 1831 1396 1419 1139 1928 1431 1978 1997 1639 1135 1207 1982 1754 1472 1985 1529 1735 1552 1128 1244 1810 1575 1824 1828 1710 1558 1903 1176 1444 1938 1305 1244 1392 1193 1488 1577 1113 1085 1724 1399 1875 1350 1496 1434 1174 1369 1839 1519 1410 1752 1150 1196 1481 1201 1193 1639 BCNSPRNW ULIB Ver.6.0+V

เปลี่ยนเป็นภาษาไทย

Change to English
 แสดงรายละเอียดบรรณานุกรม
  กลับหน้าหลัก

Brief Record : Get Marc (ISO 2709) : E-mail record : QR code < ปิดหน้าต่าง
LEADER : 00000nam 2200000uu 4500
001    13399108062
003     ULIB
008    110216s2543||||th 000 0 tha d
020    9746057642
060 04 WY159^bม189ก 2543
100 0  มยุรี นภาพรรณสกุล
245 10 การพยาบาลเด็กที่มีความผิดปกติด้านโภชนาการ /^cมยุรี นภาพรรณสกุล
250    พิมพ์ครั้งที่ 1
260    สงขลา :^bภาควิชาการพยาบาลกุมารเวชศาสตร์ คณะพยาบาลศาสตร์มหาวิทยาลัยสงขลานครินทร์,^c2543
300    ก-ซ, 157 หน้า ;^c25 ซม.
650  7 การพยาบาลกุมารเวชศาสตร์
650  7 โภชนาการเด็ก
650  7 โภชนาการผิดปกติ
710 2  มหาวิทยาลัยสงขลานครินทร์. ^bคณะพยาบาลศาสตร์.^bภาควิชาการพยาบาลกุมารเวชศาสตร์
945    ^p160^l0^i014727
945    ^p160^l0^i014726
945    ^p160^l0^i014725
995    เกษร
999 ^a ใช้งานได้ทุกระบบ
รายการนี้ยังไม่มีแท็ก
คุณยังไม่ได้ล็อกอิน คุณสามารถมีกิจกรรมร่วมกับเว็บไซต์ได้ แต่ต้องล็อกอินก่อน ::
  ล็อกอิน

รายการสื่อสารสนเทศ

ลำดับที่ ประเภท เลขเรียก/บาร์โค้ด สถานที่ สถานะ
- ไม่พบข้อมูล -

รายการใกล้เคียง
    ผู้แต่ง [มยุรี นภาพรรณสกุล]

    หัวเรื่อง [การพยาบาลกุมารเวชศาสตร์]
    หัวเรื่อง [โภชนาการเด็ก]
    หัวเรื่อง [โภชนาการผิดปกติ]

BibComment


ยังไม่เคยถูกคอมเมนท์

คอมเมนท์ทรัพยากรรายการนี้
  คอมเมนท์: การพยาบาลเด็กที่ม..


 Copyright 2026. Bcnsprnw @Library